000 01779cam a2200445 a 4500
999 _c127238
_d127238
001 4751705
003 ARRUPE
005 20171113142716.0
008 850926s1986 nyu 000 0 eng
010 _a 85022952
020 _a0812036387 (pbk.)
040 _aDLC
_cDLC
_dDLC
042 _alcac
050 0 0 _aPR-102-1
082 0 0 _a822.3/3
100 1 _aShakespeare, William,
_d1564-1616.
_927038
245 1 0 _aHamlet /
_cedited and rendered into modern English by Alan Durband.
250 _a1st U.S. ed.
260 _aWoodbury, N.Y. :
_bBarron's,
_c1986.
300 _a330 p. ;
_c19 cm.
490 1 _aShakespeare made easy
520 _aPresents the original text of Shakespeare's play side by side with a modern version, discusses the author and the theater of his time, and provides quizzes and other study activities.
600 1 0 _aShakespeare, William,
_d1564-1616
_xOutlines, syllabi, etc.
_937574
600 0 0 _aHamlet
_c(Legendary character)
_vDrama.
_937552
600 1 1 _aShakespeare, William,
_d1564-1616.
_tHamlet.
_928209
600 1 1 _aShakespeare, William,
_d1564-1616
_xCriticism and interpretation.
_937575
650 0 _aKings and rulers
_xSuccession
_vDrama.
_937553
650 0 _aMurder victims' families
_vDrama.
_937554
650 0 _aFathers
_xDeath
_vDrama.
_937555
650 0 _aRevenge
_vDrama.
_937556
650 0 _aPrinces
_vDrama.
_937557
650 1 _aPlays.
_914473
650 1 _aEnglish literature
_xHistory and criticism.
_912762
651 0 _aDenmark
_vDrama.
_937558
655 7 _aTragedies.
_2gsafd
_936650
700 1 _aDurband, Alan.
_937576
800 1 _aShakespeare, William,
_d1564-1616.
_tShakespeare made easy.
_937577
856 4 2 _3Publisher description
_uhttp://www.loc.gov/catdir/enhancements/fy0630/85022952-d.html
906 _a7
_bcbc
_corignew
_d1
_eocip
_f19
_gy-gencatlg
942 _2lcc
_cMONOGRAPH